[Event "Politiken Cup"]
[Site "Helsingor DEN"]
[Date "2009.07.26"]
[Round "10"]
[White "Bruun,H"]
[Black "Christensen,R"]
[Result "0-1"]
[WhiteElo "2093"]
[BlackElo "1974"]
[EventDate "2009.07.18"]

1. e4 c5 2. Nf3 d6 3. d4 cxd4 4. Nxd4 Nf6 5. Nc3 g6 6. Be3 Bg7 7. f3 O-O 8.
Qd2 Nc6 9. O-O-O d5 10. Qe1 e6 11. h4 h5 12. g4 hxg4 13. h5 Nxd4 14. Bxd4
Nxh5 15. Bxg7 Qg5+ 16. Kb1 Kxg7 17. fxg4 Nf6 18. e5 Nd7 19. Bb5 Nxe5 20.
Qg3 Bd7 21. Rhe1 Nc6 22. Qg2 Rad8 23. Qg3 a6 24. Bd3 Bc8 25. Na4 e5 26. Nb6
Be6 27. Be2 f5 28. c4 f4 29. Qf2 d4 30. Bf3 Bxg4 31. Nd5 Bxf3 32. Qxf3 Qf5+
33. Ka1 Rh8 34. Rh1 Rxh1 35. Rxh1 Rh8 36. Rxh8 Kxh8 37. b4 d3 38. b5 axb5
39. cxb5 Nd4 40. Qh1+ Qh5 0-1

[Event "Politiken Cup"]
[Site "Helsingor DEN"]
[Date "2009.07.26"]
[Round "10"]
[White "Larsen,Andr"]
[Black "Omarsson,D"]
[Result "0-1"]
[WhiteElo "1968"]
[BlackElo "2091"]
[EventDate "2009.07.18"]

1. b4 e5 2. Bb2 d6 3. e3 Nf6 4. c4 g6 5. Be2 Bg7 6. Nf3 O-O 7. d4 e4 8.
Nfd2 Re8 9. Nc3 h5 10. h3 Nbd7 11. g4 hxg4 12. hxg4 Nf8 13. g5 N6h7 14.
Ncxe4 Nxg5 15. Qc2 Nxe4 16. Nxe4 Bf5 17. Bd3 a5 18. b5 c6 19. d5 Bxe4 20.
Bxe4 cxb5 21. Ke2 Qe7 22. Bd3 bxc4 23. Bxc4 Rac8 24. Bxg7 Kxg7 25. Qb3 Rc5
26. Bd3 Nd7 27. Qxb7 Rb8 28. Qa7 Rb2+ 29. Kf1 Qf6 30. Rh2 Ne5 31. Be2 Rxe2
32. Kxe2 Qf3+ 33. Ke1 Ng4 0-1

[Event "Politiken Cup"]
[Site "Helsingor DEN"]
[Date "2009.07.26"]
[Round "10"]
[White "Dalberg,P"]
[Black "Helin,M"]
[Result "1-0"]
[WhiteElo "2088"]
[BlackElo "1973"]
[EventDate "2009.07.18"]

1. c4 e5 2. g3 Nc6 3. Nc3 g6 4. Bg2 Bg7 5. e4 d6 6. Nge2 Be6 7. d3 Qd7 8.
Nd5 Nd8 9. h3 c6 10. Ndc3 Ne7 11. Qb3 b6 12. Be3 Nb7 13. f4 f6 14. Bf2 O-O
15. Qd1 d5 16. b3 f5 17. exd5 cxd5 18. fxe5 Nc5 19. O-O Rad8 20. Nf4 dxc4
21. d4 Nd3 22. bxc4 Nxf4 23. gxf4 Bxc4 24. Re1 Qc7 25. d5 Rfe8 26. Rc1 Qd7
27. d6 Nc8 28. Nd5 b5 29. Nc7 Be6 30. Bc6 Qf7 31. Nxe8 Bh6 32. Nc7 Kh8 33.
Nxe6 Qxe6 34. Qd5 Qxd5 35. Bxd5 Bxf4 36. Bd4 Kg7 37. e6+ Kh6 38. e7 1-0

[Event "Politiken Cup"]
[Site "Helsingor DEN"]
[Date "2009.07.26"]
[Round "10"]
[White "Jensen,SorenG"]
[Black "Rasmussen,M2"]
[Result "1-0"]
[WhiteElo "2082"]
[BlackElo "1958"]
[EventDate "2009.07.18"]

1. d4 d5 2. c4 c6 3. Nf3 Nf6 4. Nc3 e6 5. Bg5 Be7 6. e3 Nbd7 7. Qc2 a6 8.
Rc1 O-O 9. a3 Re8 10. Bd3 dxc4 11. Bxc4 Nd5 12. Bxe7 Qxe7 13. Bd3 g6 14.
Nxd5 exd5 15. O-O Nf6 16. Qc5 Nh5 17. Qb6 Ng7 18. Rc3 Bf5 19. Ne5 Bxd3 20.
Nxd3 Nf5 21. Nc5 Nd6 22. a4 Rab8 23. b3 Qd8 24. Qxd8 Rbxd8 25. Rfc1 Ne4 26.
Nxe4 Rxe4 27. b4 Re6 28. g4 Kf8 29. b5 axb5 30. axb5 Rc8 31. Ra1 Re7 32.
Rc5 Rec7 33. Kg2 Ke7 34. Kf3 b6 35. Rxc6 Rxc6 36. bxc6 Rxc6 37. Ra7+ Ke6
38. Rb7 h6 39. h3 f5 40. Rh7 fxg4+ 41. hxg4 Rc2 42. Rxh6 Kf6 43. Rh8 b5 44.
Rb8 Rb2 45. Rb6+ Kf7 46. Rd6 b4 47. Rxd5 b3 48. Rb5 Rb1 49. Kf4 b2 50. Kf3
Ke7 51. d5 1-0

[Event "Politiken Cup"]
[Site "Helsingor DEN"]
[Date "2009.07.26"]
[Round "10"]
[White "Nielsen,Bo1"]
[Black "Nisbet,A2"]
[Result "1/2-1/2"]
[WhiteElo "2073"]
[BlackElo "1982"]
[EventDate "2009.07.18"]

1. d4 Nf6 2. c4 e6 3. Nc3 d5 4. Bg5 Be7 5. e3 O-O 6. Nf3 c6 7. Bd3 Nbd7 8.
O-O b6 9. a3 Bb7 10. cxd5 exd5 11. b4 Ne4 12. Bxe7 Qxe7 13. Bxe4 dxe4 14.
Nd2 Nf6 15. Qb3 Rfd8 16. Rfd1 Rd7 17. Qc2 Re8 18. Qb3 c5 19. dxc5 bxc5 20.
Nc4 cxb4 21. axb4 Bd5 22. Nxd5 Rxd5 23. Na5 Rxd1+ 24. Rxd1 h6 25. h3 Rd8
26. Nc6 Rxd1+ 27. Qxd1 Qb7 28. Qd6 a6 29. Qb8+ Qxb8 30. Nxb8 Nd5 31. Nxa6
Kf8 32. Kf1 Ke7 33. Ke2 Kd6 34. f3 exf3+ 35. gxf3 Kc6 36. Kd3 Kb6 37. Nb8
Nxb4+ 38. Kc3 Kc7 39. Kxb4 Kxb8 40. Kc5 Kc7 41. Kd5 Kd7 42. e4 Ke7 43. Ke5
f6+ 44. Kf5 Kf7 45. f4 g6+ 46. Kg4 h5+ 47. Kf3 g5 48. e5 gxf4 49. Kxf4
1/2-1/2

[Event "Politiken Cup"]
[Site "Helsingor DEN"]
[Date "2009.07.26"]
[Round "10"]
[White "Henrichsen,J"]
[Black "Hansen,Herl"]
[Result "0-1"]
[WhiteElo "1963"]
[BlackElo "2071"]
[EventDate "2009.07.18"]

1. d4 Nf6 2. c4 e6 3. Nc3 Bb4 4. e3 O-O 5. Bd3 c5 6. Nf3 Bxc3+ 7. bxc3 d6
8. O-O Nc6 9. e4 e5 10. d5 Ne7 11. Ne1 Ng6 12. g3 Bh3 13. Ng2 Re8 14. Rb1
b6 15. f3 h6 16. Rf2 Qc8 17. Bf1 Nh7 18. Ne3 Ng5 19. Kh1 f5 20. Bxh3 Nxh3
21. Rf1 Ne7 22. Qe2 f4 23. Nd1 Ng6 24. Qg2 Rf8 25. g4 Ng5 26. Qf2 Qd8 27.
Bd2 Nh7 28. Be1 h5 29. gxh5 Nh8 30. Rg1 Rf6 31. Qg2 Qf8 32. Nf2 Rh6 33. Qh3
Qe8 34. Ng4 Rxh5 35. Nh6+ Kf8 36. Qg2 g6 37. Ng4 Qe7 38. a4 Rb8 39. a5 Ng5
40. Nf2 Qh7 41. Ng4 Qe7 42. Nf2 Qd7 43. axb6 Rxb6 44. Rxb6 axb6 45. Bd2 Qa7
46. Qg4 Ngf7 47. Qc8+ Kg7 48. Qe6 Qa2 49. Be1 Qe2 50. Ng4 Qxf3+ 51. Rg2
Qxe4 52. Qf6+ Kf8 53. Bh4 f3 54. Qe7+ Kg7 55. Bf6+ Kh7 0-1

[Event "Politiken Cup"]
[Site "Helsingor DEN"]
[Date "2009.07.26"]
[Round "10"]
[White "Schmied,A"]
[Black "Lyngsjo,H"]
[Result "1-0"]
[WhiteElo "2068"]
[BlackElo "1943"]
[EventDate "2009.07.18"]

1. d4 Nf6 2. c4 g6 3. Nc3 d5 4. cxd5 Nxd5 5. e4 Nxc3 6. bxc3 Bg7 7. Nf3 c5
8. Rb1 Nc6 9. d5 Ne5 10. Nxe5 Bxe5 11. Bb5+ Bd7 12. Bxd7+ Qxd7 13. c4 O-O
14. f4 Bc3+ 15. Bd2 Bxd2+ 16. Qxd2 Rab8 17. O-O b5 18. Rxb5 Rxb5 19. cxb5
Qxb5 20. e5 Qb4 21. Qxb4 cxb4 22. Rc1 a5 23. Kf2 Rd8 24. Rc5 a4 25. Rb5 b3
26. axb3 axb3 27. Ke3 Kf8 28. h4 Ke8 29. Kd4 Rc8 30. Rxb3 Rc2 31. g3 Kd7
32. Ke4 Re2+ 33. Re3 Ra2 34. Rd3 Ra4+ 35. Kf3 Ra1 36. Kg4 h5+ 37. Kg5 Re1
38. Kh6 Rc1 39. Kg7 Ke8 40. Ra3 Rc8 41. e6 1-0

[Event "Politiken Cup"]
[Site "Helsingor DEN"]
[Date "2009.07.26"]
[Round "10"]
[White "Andersen,Dani"]
[Black "Jensen,SorenH"]
[Result "1/2-1/2"]
[WhiteElo "1963"]
[BlackElo "2054"]
[EventDate "2009.07.18"]

1. Nf3 d5 2. c4 e6 3. b3 d4 4. g3 c5 5. Bg2 Nc6 6. d3 Bd6 7. e3 e5 8. exd4
exd4 9. O-O Nge7 10. Ng5 O-O 11. Qh5 Bf5 12. Be4 h6 13. Bxf5 Nxf5 14. Ne4
g6 15. Qh3 h5 16. Ng5 Be7 17. Nf3 Nb4 18. Ne1 Bg5 19. Bxg5 Qxg5 20. a3 Nc6
21. Nf3 Qf6 22. Nbd2 Nd6 23. Rfe1 1/2-1/2

[Event "Politiken Cup"]
[Site "Helsingor DEN"]
[Date "2009.07.26"]
[Round "10"]
[White "Harstad,C"]
[Black "Jacobsen,S"]
[Result "1/2-1/2"]
[WhiteElo "2052"]
[BlackElo "1906"]
[EventDate "2009.07.18"]

1. d4 Nf6 2. c4 g6 3. Nc3 d5 4. Nf3 Bg7 5. Bg5 Ne4 6. Bh4 Nxc3 7. bxc3 c6
8. e3 O-O 9. Be2 f6 10. O-O Be6 11. Qb3 Qd7 12. Rab1 b6 13. cxd5 Bxd5 14.
c4 Bf7 15. Rfd1 Qb7 16. a4 Nd7 17. Qa3 Rfe8 18. e4 e5 19. d5 Bf8 20. Qb2
Kg7 21. Ne1 Nc5 22. Qc2 g5 23. Bg3 Bg6 24. f3 Rad8 25. Qb2 Nxa4 26. Qa1 Nc5
27. Nd3 Nxd3 28. Bxd3 Bc5+ 1/2-1/2

[Event "Politiken Cup"]
[Site "Helsingor DEN"]
[Date "2009.07.26"]
[Round "10"]
[White "Rolvaag,B"]
[Black "Rostgaard,T"]
[Result "1-0"]
[WhiteElo "1906"]
[BlackElo "2051"]
[EventDate "2009.07.18"]

1. e4 c5 2. Nc3 Nc6 3. g3 a6 4. d3 b5 5. Be3 e6 6. Bg2 Bb7 7. Nge2 Qc7 8.
Qd2 Nf6 9. h3 d6 10. O-O Be7 11. f4 Nd7 12. f5 O-O-O 13. a3 Bf6 14. fxe6
fxe6 15. Nf4 Rde8 16. Rab1 Rhf8 17. b4 cxb4 18. axb4 Nd4 19. Nce2 Nxe2+ 20.
Nxe2 Kb8 21. Rfc1 Ne5 22. c4 Qd7 23. Rb3 Rc8 24. c5 dxc5 25. Bxc5 Rfd8 26.
Qf4 Ka8 27. d4 Nc4 28. Qf2 Be7 29. e5 Rf8 30. Bxb7+ Qxb7 31. Qg2 Bxc5 32.
bxc5 Qxg2+ 33. Kxg2 g5 34. Rc2 Rf7 35. Ng1 Ka7 36. Nf3 h6 37. Nd2 Nxd2 38.
Rxd2 Rd8 39. Rf3 Rxf3 40. Kxf3 Kb7 41. Ke4 a5 42. Rf2 Rd7 43. Rf6 Re7 44.
d5 exd5+ 45. Kxd5 b4 46. Rb6+ Kc7 47. Rb5 Kc8 48. e6 Rc7 49. Kd6 1-0

[Event "Politiken Cup"]
[Site "Helsingor DEN"]
[Date "2009.07.26"]
[Round "10"]
[White "Tari,A"]
[Black "Carnstam,T"]
[Result "1/2-1/2"]
[WhiteElo "1901"]
[BlackElo "2047"]
[EventDate "2009.07.18"]

1. e4 c5 2. Nf3 Nc6 3. d4 cxd4 4. Nxd4 e5 5. Nb5 a6 6. Nd6+ Bxd6 7. Qxd6
Qf6 8. Qxf6 Nxf6 9. Nc3 d5 10. Nxd5 Nxd5 11. exd5 Nb4 12. Bd3 Nxd3+ 13.
cxd3 O-O 14. O-O Rd8 15. Rd1 Rxd5 16. Be3 Bf5 17. d4 Rad8 18. Rd2 exd4 19.
Rad1 d3 20. Rc1 Rc8 21. Rxc8+ Bxc8 22. f3 f6 23. Kf2 Kf7 24. Ke1 Be6 25. a3
Bd7 26. Rd1 Ba4 27. Rc1 Bc2 28. Kd2 Ke6 29. Re1 Kd7 30. Bf2 Rg5 31. g3 Rf5
32. f4 g5 33. Be3 gxf4 34. Bxf4 Rb5 35. b4 a5 36. Kc3 axb4+ 37. axb4 Rb6
38. Re4 Ra6 39. Kb2 b5 40. Be3 Rd6 41. Rd4 f5 42. Rxd6+ Kxd6 43. Kc3 Kd5
44. Kd2 Ke4 45. h4 Bd1 46. Bf4 Bh5 1/2-1/2

[Event "Politiken Cup"]
[Site "Helsingor DEN"]
[Date "2009.07.26"]
[Round "10"]
[White "Nielsen,JeH"]
[Black "Brendel,B"]
[Result "1/2-1/2"]
[WhiteElo "1902"]
[BlackElo "2046"]
[EventDate "2009.07.18"]

1. Nc3 c5 2. Nf3 Nf6 3. d4 cxd4 4. Nxd4 g6 5. Bg5 Bg7 6. Qd2 Nc6 7. O-O-O
Qb6 8. e3 Qa5 9. h4 Nb4 10. a3 Nbd5 11. Nxd5 Qxd5 12. c4 Qc5 13. b4 Qc7 14.
f3 a6 15. Kb1 d6 16. g4 h6 17. Bxf6 Bxf6 18. Be2 Bg7 19. h5 gxh5 20. Rxh5
Bd7 21. Rc1 a5 22. b5 e5 23. Nf5 Bxf5+ 24. Rxf5 Qc5 25. Qd5 O-O 26. Qxc5
dxc5 27. Rd1 Rfd8 28. Rxd8+ Rxd8 29. Kc2 b6 30. Bd3 Rd6 31. Rh5 Kf8 32. a4
Ke7 33. Be4 Rd8 34. Bd5 Rd6 35. Kd3 Rg6 36. Rf5 Rf6 37. Ke4 Rxf5 38. Kxf5
Bf6 39. f4 exf4 40. exf4 Bc3 41. Ke4 Bd2 42. Bb7 Kd6 43. Kf5 1/2-1/2

[Event "Politiken Cup"]
[Site "Helsingor DEN"]
[Date "2009.07.26"]
[Round "10"]
[White "Jorgensen,C"]
[Black "Scherwin,C"]
[Result "1-0"]
[WhiteElo "2013"]
[BlackElo "1868"]
[EventDate "2009.07.18"]

1. d4 Nf6 2. c4 e6 3. Nf3 b6 4. g3 Bb7 5. Bg2 Be7 6. O-O O-O 7. Nc3 Ne4 8.
Qc2 Nxc3 9. Qxc3 f5 10. Be3 Bf6 11. Rad1 d6 12. Qd2 Nd7 13. Bg5 Qe7 14.
Bxf6 Qxf6 15. b4 f4 16. a3 g5 17. d5 Ne5 18. Qc3 Nxf3+ 19. Qxf3 fxg3 20.
hxg3 Qxf3 21. Bxf3 e5 22. Rc1 a5 23. c5 axb4 24. axb4 bxc5 25. bxc5 Ra5 26.
c6 Ba6 27. Ra1 Rxa1 28. Rxa1 Bc4 29. Ra4 g4 30. Bxg4 Bxd5 31. Bd7 Rb8 32.
e4 Bb3 33. Ra7 Bd1 34. Rxc7 Bf3 35. Rc8+ Rxc8 36. Bxc8 Bxe4 37. Be6+ Kf8
38. c7 Bb7 39. c8=Q+ Bxc8 40. Bxc8 d5 41. Bb7 d4 42. Kg2 Ke7 43. Kf3 Kf6
44. Ke4 Ke6 45. Bd5+ Kf6 46. Bc4 h6 47. Bd5 Kg5 48. Bc4 Kf6 49. Bb3 h5 50.
Bd1 d3 51. Bxh5 Kg5 52. Bd1 1-0

[Event "Politiken Cup"]
[Site "Helsingor DEN"]
[Date "2009.07.26"]
[Round "10"]
[White "Strand,Kj"]
[Black "Andersen,Cl"]
[Result "1-0"]
[WhiteElo "2043"]
[BlackElo "1829"]
[EventDate "2009.07.18"]

1. e4 e5 2. Nf3 Nf6 3. d4 Nxe4 4. Bd3 d5 5. Nxe5 Nd7 6. Qe2 Qe7 7. Bxe4
dxe4 8. Bf4 Nxe5 9. Bxe5 Bf5 10. Nc3 c6 11. O-O-O O-O-O 12. Nxe4 f6 13. Ng3
fxe5 14. Nxf5 Qg5+ 15. Ne3 exd4 16. h4 Qf4 17. g3 Qe4 18. Qg4+ Qxg4 19.
Nxg4 Bc5 20. Ne5 Rhe8 21. f4 Bd6 22. Nf3 c5 23. Rhe1 Kd7 24. Kd2 Rxe1 25.
Rxe1 Re8 26. Rxe8 Kxe8 27. Kd3 Ke7 28. Ke4 g6 29. Kd5 Kd7 30. Ng5 h5 31.
Ne4 Bc7 32. Nxc5+ Ke7 33. Ne6 Ba5 34. Nxd4 Be1 35. Ne2 Kf6 36. Ke4 b5 37.
a3 a5 38. b3 a4 39. bxa4 bxa4 40. c4 Bf2 41. Kd5 1-0

[Event "Politiken Cup"]
[Site "Helsingor DEN"]
[Date "2009.07.26"]
[Round "10"]
[White "Pedersen,JanK"]
[Black "Nielsen,Pet"]
[Result "1-0"]
[WhiteElo "2065"]
[BlackElo "1926"]
[EventDate "2009.07.18"]

1. d4 Nf6 2. Nf3 e6 3. Bg5 h6 4. Bh4 c5 5. e3 d5 6. c3 cxd4 7. exd4 Be7 8.
Nbd2 O-O 9. Bd3 a5 10. Ne5 Bd7 11. f4 Ne8 12. Bf2 Nc6 13. Ndf3 Nd6 14. Qe2
Rb8 15. h4 b5 16. g4 Nc4 17. g5 N4xe5 18. fxe5 hxg5 19. hxg5 Bxg5 20. Nxg5
Qxg5 21. Be3 1-0

[Event "Politiken Cup"]
[Site "Helsingor DEN"]
[Date "2009.07.26"]
[Round "10"]
[White "Pallesen,Ja"]
[Black "Brauner,J"]
[Result "1-0"]
[WhiteElo "2042"]
[BlackElo "1919"]
[EventDate "2009.07.18"]

1. d4 Nf6 2. Nf3 e6 3. Bf4 b6 4. e3 Bb7 5. Bd3 d5 6. O-O Be7 7. Nbd2 O-O 8.
Re1 Nbd7 9. Ne5 c5 10. c3 Rc8 11. Qf3 Re8 12. Qh3 Nf8 13. f3 Ng6 14. Nxg6
hxg6 15. g4 Nh7 16. Qg2 Bc6 17. Bg3 g5 18. Bf2 Qd7 19. Qh3 g6 20. Qf1 Bf6
21. Ba6 Bb7 22. Bb5 Bc6 23. Ba6 Rcd8 24. dxc5 bxc5 25. Nb3 c4 26. Nd4 Rb8
27. b4 Bxd4 28. exd4 Rb6 29. b5 Bxb5 30. Bxb5 Rxb5 31. Bg3 Qb7 32. Reb1 Nf8
33. Qc1 f6 34. Rxb5 Qxb5 35. Rb1 Qa5 36. Qd2 Nd7 37. Rb7 Qa4 38. h4 gxh4
39. Bxh4 g5 40. Bg3 Re7 41. Rc7 Re8 42. f4 gxf4 43. Bxf4 Rb8 44. Bg3 Rb1+
45. Kg2 Kg7 46. g5 f5 47. Qe2 Kf7 48. g6+ Ke7 49. g7 Rb8 50. Rxd7+ Qxd7 51.
Bxb8 Qe8 52. Qe5 Kf7 53. Qg3 Kg8 54. Be5 Qh5 55. Qe3 Qg6+ 56. Kf2 Qg4 57.
Bf6 f4 58. Qf3 Qf5 59. Be5 Qc2+ 60. Qe2 Qxc3 61. Bxf4 Qxd4+ 62. Qe3 Qf6 63.
Qe5 Qf7 64. Ke3 1-0

[Event "Politiken Cup"]
[Site "Helsingor DEN"]
[Date "2009.07.26"]
[Round "10"]
[White "Krumm,J"]
[Black "Nielsen,KaiG"]
[Result "1/2-1/2"]
[WhiteElo "2022"]
[BlackElo "1899"]
[EventDate "2009.07.18"]

1. e4 c5 2. Nf3 Nc6 3. c3 g6 4. d4 cxd4 5. cxd4 Bg7 6. Nc3 d6 7. h3 Nf6 8.
d5 Ne5 9. Nxe5 dxe5 10. Bc4 O-O 11. O-O Bd7 12. Qb3 Rb8 13. a4 a6 14. a5 b5
15. axb6 Rxb6 16. Qa3 Bb5 17. b3 Qd6 18. Qa2 Rc8 19. Be3 Rb7 20. Rfc1
1/2-1/2

[Event "Politiken Cup"]
[Site "Helsingor DEN"]
[Date "2009.07.26"]
[Round "10"]
[White "Hansen,Herb"]
[Black "Berg,Su"]
[Result "1/2-1/2"]
[WhiteElo "1832"]
[BlackElo "2020"]
[EventDate "2009.07.18"]

1. e4 e5 2. Nf3 Nc6 3. d4 exd4 4. Nxd4 Bc5 5. Nxc6 Qf6 6. Qd2 dxc6 7. Bd3
Ne7 8. O-O O-O 9. Qg5 Qxg5 10. Bxg5 f6 11. Bf4 Bb6 12. Nd2 Be6 13. Bc4 Bxc4
14. Nxc4 Ng6 15. Be3 f5 16. Bxb6 axb6 17. exf5 Rxf5 18. Ne3 Rb5 19. Nc4
1/2-1/2

[Event "Politiken Cup"]
[Site "Helsingor DEN"]
[Date "2009.07.26"]
[Round "10"]
[White "Knudsen,JesW"]
[Black "Meier,L"]
[Result "0-1"]
[WhiteElo "2005"]
[BlackElo "1888"]
[EventDate "2009.07.18"]

1. e4 d5 2. exd5 Nf6 3. Nf3 Nxd5 4. d4 Bg4 5. h3 Bh5 6. g4 Bg6 7. Ne5 Nd7
8. Nxg6 hxg6 9. c4 N5b6 10. c5 Nd5 11. Qb3 e6 12. Qxb7 Rb8 13. Qxa7 Rb4 14.
Nc3 Rxd4 15. c6 N7b6 16. Be3 Nxe3 17. fxe3 Rb4 18. Rd1 Qh4+ 19. Kd2 Qf2+
20. Be2 Nc4+ 21. Kc1 Qxe3+ 22. Qxe3 Nxe3 23. Nb5 Nxd1 24. Rxd1 Bc5 25.
Nxc7+ Ke7 26. Rd7+ Kf6 27. Na6 Be3+ 28. Kc2 Rd4 29. Rxd4 Bxd4 30. Bf3 Bb6
31. c7 Bxc7 32. Nxc7 Rc8 33. a4 Rxc7+ 34. Kd3 Ke5 35. b4 Kd6 36. b5 Kc5 37.
Kc3 Ra7 38. Kb3 Rd7 39. Bc6 Rd3+ 40. Kb2 Kb6 41. Be8 Rf3 42. Kc2 g5 43. Kd2
f6 44. Bd7 e5 45. Ke2 Rxh3 0-1

[Event "Politiken Cup"]
[Site "Helsingor DEN"]
[Date "2009.07.26"]
[Round "10"]
[White "Sorensen,D"]
[Black "Hoel,J"]
[Result "1-0"]
[WhiteElo "2005"]
[BlackElo "1879"]
[EventDate "2009.07.18"]

1. d4 Nf6 2. Nf3 g6 3. g3 Bg7 4. Bg2 O-O 5. O-O d6 6. c4 Nbd7 7. Nc3 e5 8.
e4 exd4 9. Nxd4 Ne5 10. b3 Bd7 11. Bb2 Nc6 12. Nd5 Re8 13. Re1 Nxd5 14.
cxd5 Nxd4 15. Bxd4 Bg4 16. f3 Bd7 17. Rc1 Rc8 18. h3 Qg5 19. Kh2 Bxd4 20.
Qxd4 a6 21. f4 Qd8 22. e5 dxe5 23. fxe5 Bf5 24. Qf4 Qe7 25. Rc3 Rcd8 26.
Rce3 b6 27. Qa4 a5 28. Qf4 Bc8 29. h4 Bf5 30. h5 Bc8 31. h6 Bf5 32. d6 Qd7
33. Qg5 Qe6 34. Bd5 Qxd5 35. Qf6 Qd2+ 36. R1e2 1-0

[Event "Politiken Cup"]
[Site "Helsingor DEN"]
[Date "2009.07.26"]
[Round "10"]
[White "Sorensen,S"]
[Black "Palvig,D"]
[Result "1/2-1/2"]
[WhiteElo "2000"]
[BlackElo "1868"]
[EventDate "2009.07.18"]

1. d4 d5 2. Nf3 Nf6 3. e3 e6 4. Bd3 Bd6 5. O-O O-O 6. Nbd2 Nbd7 7. c3 c6 8.
Re1 e5 9. e4 dxe4 10. Nxe4 Nxe4 11. Bxe4 exd4 12. Qxd4 Bc5 13. Qd3 h6 14.
Be3 Bxe3 15. Qxe3 Qc7 16. Rad1 1/2-1/2

[Event "Politiken Cup"]
[Site "Helsingor DEN"]
[Date "2009.07.26"]
[Round "10"]
[White "Svendsen,Pet"]
[Black "Frisvold,O"]
[Result "0-1"]
[WhiteElo "1993"]
[BlackElo "1827"]
[EventDate "2009.07.18"]

1. d4 Nf6 2. c4 c5 3. Nf3 cxd4 4. Nxd4 Nc6 5. Nc3 a6 6. e4 e5 7. Nb3 Bb4 8.
Qd3 O-O 9. Be2 Re8 10. O-O b6 11. Rd1 Bb7 12. Bg5 Nd4 13. Nxd4 Bxc3 14. Nf5
Bxb2 15. Rab1 Bd4 16. Nd6 Re6 17. Nxb7 Qc7 18. Be3 Bxe3 19. Qxe3 Qxb7 20.
c5 Qxe4 21. Qxe4 Nxe4 22. Bf3 f5 23. Rxd7 Rb8 24. cxb6 Rbxb6 25. Rc1 Rec6
26. Rxc6 Rxc6 27. g4 Rc1+ 28. Kg2 Rc2 29. Bxe4 fxe4 30. Kg3 Rxa2 31. h4
Ra3+ 32. Kg2 e3 33. f3 Ra1 0-1

[Event "Politiken Cup"]
[Site "Helsingor DEN"]
[Date "2009.07.26"]
[Round "10"]
[White "Borup,M"]
[Black "Ryberg,D"]
[Result "1-0"]
[WhiteElo "1992"]
[BlackElo "1815"]
[EventDate "2009.07.18"]

1. d4 Nf6 2. Nf3 e6 3. Bf4 b6 4. Nbd2 Bb7 5. e3 d5 6. Bd3 c5 7. c3 Ba6 8.
Bxa6 Nxa6 9. Qa4+ Qd7 10. Qxa6 Nh5 11. Ne5 Qc8 12. Qxc8+ Rxc8 13. Bg3 f6
14. Nd3 c4 15. Nf4 Nxg3 16. hxg3 Kf7 17. O-O h5 18. e4 g5 19. Ne2 Bd6 20.
f4 g4 21. Kf2 Rh7 22. exd5 exd5 23. Rae1 f5 24. Rh1 b5 25. a3 a5 26. Nf1 b4
27. axb4 axb4 28. Ne3 Ke6 29. Ra1 Rd8 30. Ra5 Be7 31. Ra6+ Rd6 32. Rha1 h4
33. Rxd6+ Bxd6 34. gxh4 Rxh4 35. Ra6 Rh8 36. Nxf5 Kxf5 37. Rxd6 Ke4 38. Rg6
bxc3 39. bxc3 Kd3 40. Rg5 Rd8 41. Re5 Ra8 42. Rxd5 Ra2 43. Re5 g3+ 44. Kf3
Ra6 45. Kxg3 Rb6 46. Kf3 1-0

[Event "Politiken Cup"]
[Site "Helsingor DEN"]
[Date "2009.07.26"]
[Round "10"]
[White "Christensen,SvendI"]
[Black "Jensen,I"]
[Result "0-1"]
[WhiteElo "1775"]
[BlackElo "1986"]
[EventDate "2009.07.18"]

1. d4 d5 2. Nf3 Nc6 3. Bf4 Bg4 4. e3 e6 5. Be2 Bd6 6. Bxd6 Qxd6 7. Nbd2 f5
8. c3 Nh6 9. h3 Bh5 10. Ng5 Bxe2 11. Qxe2 O-O-O 12. Ngf3 Nf7 13. O-O-O g5
14. c4 Qb4 15. cxd5 exd5 16. Nb3 Qa4 17. Nc5 Qxa2 18. Nxb7 Nb4 19. Qb5 Qa1+
20. Kd2 Qxb2+ 0-1

[Event "Politiken Cup"]
[Site "Helsingor DEN"]
[Date "2009.07.26"]
[Round "10"]
[White "Johansen,J"]
[Black "Andersen,G"]
[Result "1-0"]
[WhiteElo "1968"]
[BlackElo "1794"]
[EventDate "2009.07.18"]

1. e4 d5 2. exd5 Nf6 3. d4 Nxd5 4. Nf3 g6 5. c4 Nf6 6. Nc3 Bg7 7. Be2 c5 8.
d5 O-O 9. O-O e6 10. Bg5 Qb6 11. Be3 Na6 12. Na4 Qa5 13. Bd2 Qc7 14. Nc3
exd5 15. cxd5 Qb6 16. Ne5 Qd8 17. Bc4 Ne8 18. Bf4 Nd6 19. Bxa6 bxa6 20. Nc6
Qd7 21. Re1 Re8 22. Qb3 Bf8 23. Bxd6 Bxd6 24. Ne4 Rxe4 25. Rxe4 Bb7 26. Qa4
Kg7 27. Rae1 Rc8 28. Qb3 Bxc6 29. dxc6 Qxc6 30. Qc3+ Kg8 31. Qe3 Bf8 32.
Re8 Rxe8 33. Qxe8 Qd6 34. Qe5 Qd2 35. Qe2 Qd6 36. Rd1 Qf6 37. g3 Kg7 38.
Qd2 Be7 39. Qc3 Qxc3 40. bxc3 Bf6 41. c4 Bc3 42. Rd7 Kf6 43. Rxa7 a5 44.
Kg2 h5 45. Kf3 g5 46. h3 Ke6 47. g4 hxg4+ 48. hxg4 f5 49. gxf5+ Kxf5 50.
Rd7 Bd4 51. Rd5+ Kf6 52. Rxd4 cxd4 53. Ke4 d3 54. Kxd3 Ke5 55. Ke3 g4 56.
a4 1-0

[Event "Politiken Cup"]
[Site "Helsingor DEN"]
[Date "2009.07.26"]
[Round "10"]
[White "Tandrup,M"]
[Black "Mouritsen,J"]
[Result "1/2-1/2"]
[WhiteElo "1948"]
[BlackElo "1758"]
[EventDate "2009.07.18"]

1. d4 d5 2. Nf3 e6 3. e3 f5 4. c4 c6 5. Bd3 Nf6 6. Ne5 Nbd7 7. Nxd7 Bxd7 8.
c5 Be7 9. Nd2 O-O 10. Nf3 Ne4 11. O-O b6 12. b4 a5 13. cxb6 axb4 14. Bxe4
fxe4 15. Ne5 Bd6 16. b7 Rb8 17. a3 Qc7 18. Bb2 Rxb7 19. axb4 Rfb8 20. Bc3
Bxb4 21. Bxb4 Rxb4 22. Rc1 Be8 23. Qg4 Qd6 24. f3 exf3 25. Qxf3 h6 1/2-1/2

[Event "Politiken Cup"]
[Site "Helsingor DEN"]
[Date "2009.07.26"]
[Round "10"]
[White "Moe,P"]
[Black "Munk,Po"]
[Result "0-1"]
[WhiteElo "1820"]
[BlackElo "1996"]
[EventDate "2009.07.18"]

1. e4 e6 2. d4 d5 3. Nc3 Nf6 4. e5 Nfd7 5. f4 c5 6. Nf3 Nc6 7. Be3 a6 8.
dxc5 Bxc5 9. Bxc5 Nxc5 10. Qd2 b5 11. Nd4 Qb6 12. Nxc6 Qxc6 13. Qd4 Rb8 14.
a3 Nd7 15. Be2 Nb6 16. O-O Bd7 17. Rad1 O-O 18. Rf3 Rfc8 19. Rh3 Nc4 20.
Bd3 g6 21. f5 Qc5 22. Qxc5 Rxc5 23. fxg6 hxg6 24. Bxc4 bxc4 25. Ne4 dxe4
26. Rxd7 Rxe5 27. Rc7 e3 28. Kf1 e2+ 29. Ke1 Rxb2 0-1

[Event "Politiken Cup"]
[Site "Helsingor DEN"]
[Date "2009.07.26"]
[Round "10"]
[White "Knudsen,Jo2"]
[Black "Nielsen,Aa"]
[Result "0-1"]
[WhiteElo "1787"]
[BlackElo "1932"]
[EventDate "2009.07.18"]

1. d4 f5 2. Nf3 Nf6 3. c4 d6 4. g3 g6 5. Bg2 Bg7 6. O-O O-O 7. Nc3 Qe8 8.
d5 Na6 9. Rb1 c5 10. dxc6 bxc6 11. Nd4 Bd7 12. b3 Rb8 13. Bb2 Nc7 14. e3 c5
15. Nde2 Bc6 16. Nf4 Bxg2 17. Kxg2 g5 18. Nfd5 Ncxd5 19. Nxd5 Qd7 20. Nxf6+
Bxf6 21. Re1 g4 22. e4 f4 23. Qd5+ e6 24. Qh5 f3+ 25. Kg1 e5 26. h3 gxh3
27. Kh2 Bg7 28. Qxh3 Qxh3+ 29. Kxh3 Rf6 30. g4 Bh6 31. Bc1 Bf4 32. Bxf4
Rxf4 33. Rbd1 Rd8 34. Rd3 Kf7 35. Ree3 Ke6 36. Rxf3 Rxe4 37. Rfe3 Rf4 38.
Rf3 Rdf8 39. Rxf4 Rxf4 40. Kg3 Rf7 41. f3 a5 42. Rd2 Rf4 43. Rh2 Rf7 44.
Rh6+ Kd7 45. Rh2 Kc6 46. Rd2 Rb7 47. Kf2 a4 48. Rd3 axb3 49. axb3 Rd7 50.
Rd5 Ra7 51. Ke3 Ra3 52. Rd3 Ra1 53. Ke4 Rh1 54. Ke3 Rh6 55. Ke4 Kb6 56. Ke3
Ka5 57. Ke4 Rf6 58. Ke3 Kb4 59. Ke2 Ka3 60. Ke3 Kb2 61. Ke2 Kc2 62. Re3 Rf4
63. Kf2 Kd2 64. Re2+ Kc3 65. Re3+ Kb4 66. Kg3 Ka3 67. Kh4 Kb2 68. Kg3 Kc2
69. Kf2 Rd4 70. Re2+ Kxb3 71. g5 Rxc4 72. Kg3 Rf4 73. Rh2 Rf7 74. Rd2 Rd7
75. Kf2 c4 76. Ke3 d5 77. Rd1 Kc2 78. Rd2+ Kc1 79. Ra2 d4+ 80. Ke2 d3+ 81.
Ke3 d2 82. Ra1+ Kb2 83. Rd1 c3 84. g6 hxg6 85. Ke2 c2 86. Rxd2 Rxd2+ 0-1

[Event "Politiken Cup"]
[Site "Helsingor DEN"]
[Date "2009.07.26"]
[Round "10"]
[White "Maechel,M"]
[Black "Berkemer,R"]
[Result "1/2-1/2"]
[WhiteElo "1731"]
[BlackElo "1925"]
[EventDate "2009.07.18"]

1. e4 d5 2. exd5 Qxd5 3. c4 Qe4+ 4. Qe2 Nf6 5. Qxe4 Nxe4 6. d4 e5 7. Bd3
Bf5 8. Nf3 Bb4+ 9. Ke2 Nc6 10. a3 Be7 11. dxe5 1/2-1/2